[Event "La Pobla de Lillet op-B 32nd"]
[Site "La Pobla de Lillet"]
[Date "2023.08.08"]
[Round "7"]
[White "Vila Camps, Carles"]
[Black "Bogerd Esteve, Alex"]
[Result "0-1"]
[WhiteElo "1624"]
[BlackElo "1650"]
[PlyCount "108"]
[EventDate "2023.08.02"]
[EventType "swiss"]
[EventRounds "9"]
[EventCountry "ESP"]
[SourceTitle "EXT 2024"]
[Source "ChessBase"]
[SourceDate "2023.10.10"]
[SourceVersion "1"]
[SourceVersionDate "2023.10.10"]
[SourceQuality "1"]

1. d4 Nf6 2. c4 b6 3. Nf3 e6 4. g3 Ba6 5. b3 Bb4+ 6. Bd2 Bxd2+ 7. Nbxd2 Bb7 8. Bg2 0-0 9. 0-0 c5 10. d5 exd5 11. Nh4 Qc7 12. cxd5 Bxd5 13. Bxd5 Nxd5 14. e4 Nc3 15. Qf3 Nb5 16. Nf5 Nc6 17. Qg4 g6 18. Nc4 Kh8 19. Nfe3 Ne7 20. f4 f5 21. Qg5 d6 22. exf5 Nxf5 23. g4 Nxe3 24. Nxe3 Nd4 25. Nd5 Qf7 26. Rae1 Rae8 27. Re7 Rxe7 28. Qxe7 Qxe7 29. Nxe7 Ne2+ 30. Kf2 Rxf4+ 31. Kxe2 Re4+ 32. Kd3 Rxe7 33. Rf8+ Kg7 34. Rd8 Kf6 35. Rxd6+ Ke5 36. Rd8 Kf4 37. Rf8+ Kxg4 38. a4 h5 39. Rf2 h4 40. Kc4 h3 41. a5 g5 42. Kb5 bxa5 43. Kxa5 Re3 44. Kb5 Rxb3+ 45. Kxc5 Rb1 46. Ra2 Rg1 47. Rxa7 Rg2 48. Ra4+ Kh5 49. Ra8 Rxh2 50. Kd4 Rg2 51. Ke3 Kg4 52. Ra4+ Kg3 53. Ra5 g4 54. Ke4 Rf2 0-1

[Event "Barcelona Sant Marti op 10th"]
[Site "Barcelona"]
[Date "2023.02.16"]
[Round "6"]
[White "Bogerd Esteve, Alex"]
[Black "Pinyol I Llora, Julia"]
[Result "0-1"]
[WhiteElo "1634"]
[BlackElo "1795"]
[PlyCount "76"]
[EventDate "2023.01.12"]
[EventType "swiss"]
[EventRounds "9"]
[EventCountry "ESP"]
[SourceTitle "CBM 213 Extra"]
[Source "ChessBase"]
[SourceDate "2023.05.31"]
[SourceVersion "1"]
[SourceVersionDate "2023.05.31"]
[SourceQuality "1"]

1. e4 c5 2. Nf3 e6 3. b3 b6 4. Bb2 Bb7 5. Qe2 Nc6 6. g3 Nf6 7. e5 Nd5 8. Bg2 g6 9. 0-0 Bg7 10. Na3 0-0 11. Nc4 Ba6 12. d3 Nde7 13. Nd6 Nf5 14. Ne4 d6 15. Nf6+ Bxf6 16. exf6 e5 17. Nd2 Rc8 18. Ne4 d5 19. Nc3 e4 20. Nxd5 Qxd5 21. Bxe4 Qe6 22. Qg4 Nfd4 23. Qh4 Ne5 24. Bxd4 cxd4 25. Rae1 Qd6 26. g4 Rfe8 27. g5 Qf8 28. f4 Nd7 29. Rf3 Rc5 30. Rh3 h5 31. Rf1 Rxe4 32. Rff3 Re3 33. Rxe3 dxe3 34. Rxe3 Rxc2 35. f5 Qc5 36. d4 Rc1+ 37. Kg2 Qc2+ 38. Kh3 Qxf5+ 0-1

[Event "Barcelona Sant Marti op 10th"]
[Site "Barcelona"]
[Date "2023.02.02"]
[Round "4"]
[White "Bogerd Esteve, Alex"]
[Black "Cabot Muntane, Jordi"]
[Result "0-1"]
[WhiteElo "1634"]
[BlackElo "1822"]
[PlyCount "122"]
[EventDate "2023.01.12"]
[EventType "swiss"]
[EventRounds "9"]
[EventCountry "ESP"]
[SourceTitle "CBM 213 Extra"]
[Source "ChessBase"]
[SourceDate "2023.05.31"]
[SourceVersion "1"]
[SourceVersionDate "2023.05.31"]
[SourceQuality "1"]

1. e4 d6 2. d4 e5 3. dxe5 dxe5 4. Qxd8+ Kxd8 5. Bc4 f6 6. Be3 c6 7. Nd2 Kc7 8. 0-0-0 Nd7 9. Ngf3 Bc5 10. Rhe1 a5 11. a4 Bxe3 12. Rxe3 Nc5 13. b3 Nh6 14. Ne1 Ng4 15. Re2 Be6 16. f3 Nh6 17. g3 Rhd8 18. Nd3 Nxd3+ 19. Bxd3 Rd7 20. Bc4 Bxc4 21. Nxc4 Rxd1+ 22. Kxd1 b6 23. Rd2 Nf7 24. Ke2 Rd8 25. Rxd8 Nxd8 26. h4 Nb7 27. h5 b5 28. h6 gxh6 29. Ne3 bxa4 30. bxa4 Nc5 31. Ng4 Nd7 32. Nxh6 Kd6 33. Kd2 Nc5 34. Ng4 Ke6 35. Ne3 Nxa4 36. Nc4 Nc5 37. Nxa5 Kd7 38. Ke3 Ne6 39. c3 Ng7 40. Nb3 Nh5 41. g4 Nf4 42. Nc5+ Kd6 43. Nd3 Nxd3 44. Kxd3 Kc5 45. Kc2 Kc4 46. Kd2 Kb3 47. Kd3 c5 48. c4 h6 49. Kd2 Kxc4 50. Kc2 Kd4 51. Kb3 c4+ 52. Kc2 Ke3 53. Kc3 Kxf3 54. Kxc4 Kxe4 55. Kc5 Kf4 56. Kd6 Kxg4 57. Ke6 e4 58. Kxf6 e3 59. Kg6 h5 60. Kh6 h4 61. Kg6 h3 0-1

[Event "Barcelona Sant Marti op 10th"]
[Site "Barcelona"]
[Date "2023.01.19"]
[Round "2"]
[White "Bogerd Esteve, Alex"]
[Black "Menbrive Hernandez, Juan"]
[Result "1-0"]
[WhiteElo "1634"]
[BlackElo "1369"]
[PlyCount "45"]
[EventDate "2023.01.12"]
[EventType "swiss"]
[EventRounds "9"]
[EventCountry "ESP"]
[SourceTitle "CBM 213 Extra"]
[Source "ChessBase"]
[SourceDate "2023.05.31"]
[SourceVersion "1"]
[SourceVersionDate "2023.05.31"]
[SourceQuality "1"]

1. e4 e5 2. Nf3 Nc6 3. d4 exd4 4. Bc4 Nf6 5. 0-0 h6 6. Re1 Bd6 7. e5 Nxe5 8. Nxe5 0-0 9. Qxd4 c5 10. Qxd6 b5 11. Nxf7 Rxf7 12. Bxf7+ Kxf7 13. Be3 Bb7 14. Bxc5 Kg8 15. Nc3 Rc8 16. Bxa7 Rc6 17. Qe7 Qc7 18. Bd4 Qf4 19. Qe5 Qg4 20. f3 Qg6 21. Qb8+ Bc8 22. Bxf6 gxf6 23. Nd5 1-0

[Event "La Pobla de Lillet op-B"]
[Site "La Pobla de Lillet"]
[Date "2022.08.02"]
[Round "1"]
[White "Law, Peter"]
[Black "Bogerd Esteve, Alex"]
[Result "0-1"]
[WhiteElo "1796"]
[BlackElo "1512"]
[PlyCount "56"]
[EventDate "2022.08.02"]
[EventType "swiss"]
[EventRounds "9"]
[EventCountry "ESP"]
[SourceTitle "CBM 209 Extra"]
[Source "ChessBase"]
[SourceDate "2022.09.30"]
[SourceVersion "1"]
[SourceVersionDate "2022.09.30"]
[SourceQuality "1"]

1. d4 Nf6 2. c4 e6 3. g3 d5 4. Bg2 Be7 5. Nf3 0-0 6. 0-0 dxc4 7. Nbd2 c3 8. bxc3 c5 9. e4 Nc6 10. e5 Nd5 11. Ne4 h6 12. dxc5 f5 13. exf6 Nxf6 14. Nd6 Qa5 15. Nxc8 Raxc8 16. Qb3 Bxc5 17. Qxe6+ Kh8 18. Qb3 Rfe8 19. Bb2 Re2 20. Nd4 Nxd4 21. cxd4 Bb6 22. d5 Rcc2 23. Bxf6 Rxf2 24. Bxg7+ Kxg7 25. Rxf2 Rxf2 26. Kh1 Qd2 27. Rd1 Rxg2 28. Rxd2 Rg1# 0-1